000
00268 a2200097 4500
020
_a
9789370984561
100
_a
B. K. Harinarayanan
245
_a
Kunnamkulam tajmahal(കുന്നംകുളം താജ്മഹൽ)
260
_b
D C books
_c
2026
942
_c
OO
999
_c
115335
_d
115334